000 01200nam0a22002651 4500
001 rc\4554160
005 20250612115238.0
021 _aRU
_b[61-22319]
035 _a(NLR Aleph) 008643446
090 _a8956876
_c8956876
100 _a20130416d1961 |||y0rusy50 ca
101 0 _arus
102 _aRU
105 _ay z |||||
200 1 _aТезисы докладов
_fМ-во здравоохранения РСФСР. Ленингр. сан.-гигиен. мед. ин-т. XXXIV конференция Науч. студенческого о-ва, посвящ. XXII съезду Коммунистич. партии Советского Союза. 28-29 марта 1961 г.
210 _aЛенинград
_cБ. и.
_d1961
215 _a88 с.
_d22
606 _aМедицина
_jТезисы докладов
_2psbo
710 0 2 _aЛенинградский санитарно-гигиенический медицинский институт
_bСтуденческая научная конференция
_d34
_f1961
_9692269
_3RU\NLR\AUTH\880515827
801 0 _aRU
_bNLR
_gpsbo
801 1 _aRU
_bELAR
_2rusmarc
852 _aNLR
_j61-4/5114
942 _cBOOK
980 _aNB